A dictionary of civil engineering (Record no. 546275)
[ view plain ]
| 000 -LEADER | |
|---|---|
| fixed length control field | 00587cam a22001691 4500 |
| 082 ## - DEWEY DECIMAL CLASSIFICATION NUMBER | |
| Classification number | 624.03 |
| Author Mark | SCO |
| -- | L-38, P-96 |
| 100 1# - MAIN ENTRY--PERSONAL NAME | |
| Personal name | Scott, John S., |
| 9 (RLIN) | 36851 |
| 245 12 - TITLE STATEMENT | |
| Title | A dictionary of civil engineering |
| Statement of responsibility, etc. | [by] John S. Scott. Illustrated by Clifford Bayliss. |
| 250 ## - EDITION STATEMENT | |
| Edition statement | [2d ed., rev. |
| 260 ## - PUBLICATION, DISTRIBUTION, ETC. | |
| Place of publication, distribution, etc. | Harmondsworth, Eng.] |
| Name of publisher, distributor, etc. | Penguin Books |
| Date of publication, distribution, etc. | [1965, c1958] |
| 300 ## - PHYSICAL DESCRIPTION | |
| Extent | 347 p. |
| Other physical details | illus. |
| Dimensions | 19 cm. |
| 500 ## - GENERAL NOTE | |
| General note | "Cross-referenced to [the author's] A dictionary of building." |
| 526 ## - STUDY PROGRAM INFORMATION NOTE | |
| Program name | 0 |
| Interest level | 0 |
| Reading level | 0 |
| Title point value | 624_030000000000000_SCO |
| 650 #0 - SUBJECT ADDED ENTRY--TOPICAL TERM | |
| Topical term or geographic name entry element | Civil engineering |
| 650 #0 - SUBJECT ADDED ENTRY--TOPICAL TERM | |
| Topical term or geographic name entry element | MCE |
| 9 (RLIN) | 379 |
| 942 ## - ADDED ENTRY ELEMENTS (KOHA) | |
| Source of classification or shelving scheme | |
| Koha item type | Book |
| Withdrawn status | Lost status | Source of classification or shelving scheme | Damaged status | Not for loan | Permanent Location | Current Location | Date acquired | Total Checkouts | Full call number | Barcode | Date last seen | Price effective from | Koha item type |
|---|---|---|---|---|---|---|---|---|---|---|---|---|---|
| Military College of Engineering (MCE) | Military College of Engineering (MCE) | 06/06/2014 | 624.03 SCO | MCE-29732A | 06/06/2014 | 06/06/2014 | Book |
